[Event "Gorges op 22th"]
[Site "Gorges"]
[Date "2012.07.12"]
[Round "6"]
[White "Poulain, Yves"]
[Black "Templier, Benoit"]
[Result "1-0"]
[WhiteElo "1809"]
[BlackElo "1687"]
[PlyCount "83"]
[EventDate "2012.07.08"]
[EventType "swiss"]
[EventRounds "7"]
[EventCountry "FRA"]
[SourceTitle "CBM 149 Extra"]
[Source "ChessBase"]
[SourceDate "2012.08.24"]
[SourceVersion "1"]
[SourceVersionDate "2012.08.24"]
[SourceQuality "1"]

1. d4 e6 2. c4 Nf6 3. Nf3 b6 4. Nc3 Bb4 5. g3 Bb7 6. Bg2 0-0 7. 0-0 Bxc3 8. bxc3 d6 9. Nh4 Bxg2 10. Nxg2 Nbd7 11. Qd3 Qc8 12. e4 e5 13. f4 exf4 14. Bxf4 Re8 15. Rae1 Qa6 16. Rf2 Rac8 17. h3 Re6 18. Bg5 Rce8 19. Rfe2 Qa5 20. Bxf6 gxf6 21. Nf4 Qg5 22. Nxe6 fxe6 23. Qe3 Qg6 24. Qf4 Kf7 25. e5 dxe5 26. dxe5 f5 27. Kh2 Ke7 28. Qh4+ Kf7 29. Rf1 Kg7 30. Rf4 Kh8 31. Rd4 Nc5 32. Rd8 Ne4 33. Rxe8+ Qxe8 34. g4 Qg8 35. gxf5 exf5 36. Rg2 Qe8 37. Qf4 Qe6 38. Kh1 Qd7 39. Qf1 Qe6 40. Qd1 Qe7 41. Qd5 Qf8 42. e6 1-0

[Event "Sautron op 11th"]
[Site "Sautron"]
[Date "2011.10.29"]
[Round "9"]
[White "Aubry, Yannis"]
[Black "Poulain, Yves"]
[Result "1-0"]
[WhiteElo "2031"]
[BlackElo "1831"]
[PlyCount "49"]
[EventDate "2011.10.22"]
[EventType "swiss"]
[EventRounds "9"]
[EventCountry "FRA"]
[SourceTitle "EXT 2016"]
[Source "ChessBase"]
[SourceDate "2015.10.08"]
[SourceVersion "1"]
[SourceVersionDate "2015.10.08"]
[SourceQuality "1"]

1. e4 c5 2. Nf3 Nc6 3. d4 cxd4 4. Nxd4 Nf6 5. Nc3 e5 6. Ndb5 d6 7. Bg5 a6 8. Na3 b5 9. Bxf6 gxf6 10. Nd5 Bg7 11. Bd3 0-0 12. c4 b4 13. Nc2 Rb8 14. 0-0 Be6 15. Nce3 Nd4 16. b3 a5 17. a3 bxa3 18. Rxa3 Rb7 19. Bc2 Qb8 20. Qd3 Qe8 21. Rxa5 Qd7 22. b4 Nxc2 23. Qxc2 Rfb8 24. Ra6 Bh6 25. Nxf6+ 1-0

[Event "Sautron op 11th"]
[Site "Sautron"]
[Date "2011.10.26"]
[Round "6"]
[White "Delabaca, Romuald"]
[Black "Poulain, Yves"]
[Result "1-0"]
[WhiteElo "2263"]
[BlackElo "1831"]
[PlyCount "47"]
[EventDate "2011.10.22"]
[EventType "swiss"]
[EventRounds "9"]
[EventCountry "FRA"]
[SourceTitle "EXT 2016"]
[Source "ChessBase"]
[SourceDate "2015.10.08"]
[SourceVersion "1"]
[SourceVersionDate "2015.10.08"]
[SourceQuality "1"]

1. Nf3 d5 2. d4 e6 3. c4 Nf6 4. Nc3 Be7 5. Bf4 c6 6. e3 Nbd7 7. h3 dxc4 8. Bxc4 Nb6 9. Bd3 Nbd5 10. Be5 Qa5 11. 0-0 Nxc3 12. bxc3 Qxc3 13. d5 Qa3 14. dxc6 bxc6 15. Qc2 Bd7 16. Rab1 c5 17. Rb7 Bc6 18. Rc7 Bxf3 19. Bb5+ Kf8 20. gxf3 Nd5 21. Rd7 Nxe3 22. Qe4 Nd5 23. Bc6 Nb6 24. Rd3 1-0